BUBT Library Online Catalog

সংবাদপত্রে বঙ্গবন্ধু : দ্বিতীয় খন্ড - ষাটের দশক ( প্রথম পর্ব ) / (Record no. 6617)

000 -LEADER
fixed length control field 01004nam a22002177a 4500
003 - CONTROL NUMBER IDENTIFIER
control field BUBTL
008 - FIXED-LENGTH DATA ELEMENTS--GENERAL INFORMATION
fixed length control field 211213b ||||| |||| 00| 0 eng d
020 ## - INTERNATIONAL STANDARD BOOK NUMBER
International Standard Book Number 9789847320113
082 ## - DEWEY DECIMAL CLASSIFICATION NUMBER
Classification number 954.925/ Al118s/ 2015
100 ## - MAIN ENTRY--PERSONAL NAME
9 (RLIN) 4465
Personal name আলমগীর, মো. শাহ
245 ## - TITLE STATEMENT
Title সংবাদপত্রে বঙ্গবন্ধু : দ্বিতীয় খন্ড - ষাটের দশক ( প্রথম পর্ব ) /
Statement of responsibility, etc. মো. শাহ আলমগীর
250 ## - EDITION STATEMENT
Edition statement 1st Edn.
260 ## - PUBLICATION, DISTRIBUTION, ETC. (IMPRINT)
Place of publication, distribution, etc. ঢাকা :
Name of publisher, distributor, etc. বাংলাদেশ প্রেস ইনস্টিটিউট,
Date of publication, distribution, etc. c2015
300 ## - PHYSICAL DESCRIPTION
Extent 668 p.:
Dimensions 22 cm.
505 ## - FORMATTED CONTENTS NOTE
Formatted contents note সংবাদপত্রে বঙ্গবন্ধু, সংবাদপত্র, বঙ্গবন্ধু, মো. শাহ আলমগীর
650 #0 - SUBJECT ADDED ENTRY--TOPICAL TERM
9 (RLIN) 3574
Topical term or geographic name as entry element বঙ্গবন্ধু
650 #0 - SUBJECT ADDED ENTRY--TOPICAL TERM
9 (RLIN) 4372
Topical term or geographic name as entry element Bangabandhu
856 ## - ELECTRONIC LOCATION AND ACCESS
Password 0
Logon 0
Link text Download
942 ## - ADDED ENTRY ELEMENTS (KOHA)
Source of classification or shelving scheme
Koha item type Books
Holdings
Withdrawn status Lost status Source of classification or shelving scheme Damaged status Not for loan Collection code Permanent location Current location Shelving location Date acquired Source of acquisition Inventory number Total Checkouts Full call number Barcode Date last seen Copy number Price effective from Koha item type
          Non-fiction Bangladesh University of Business and Technology Library Bangladesh University of Business and Technology Library Historical Books 03/09/2020 Purchase 26933   954.925/ Al118s/ 2015 BUBTL-200326933 12/13/2021 C-1 12/13/2021 Books
          Non-fiction Bangladesh University of Business and Technology Library Bangladesh University of Business and Technology Library Historical Books 03/09/2020 Purchase 26934   954.925/ Al118s/ 2015 BUBTL-200326934 12/13/2021 C-2 12/13/2021 Books

More Information About Library

Library Hours

  • Open: 9.00 am. to 9.00 pm.
  • Only Sunday: 9.00 am. to 6.00 pm.
  • Closed: Holiday

Contact to the University

Bangladesh University of Business and Technology Library

  • Mirpurl-2, 1216.
  • Phone:
  • Fax:
  • E-Mail: admin.library@bubt.edu.bd

Contact to the Library

Contact Person:

Md. Abdul Hakim Shah
Joint Librarian
PABX No:  113
Cell No: 01816332931
E-mail: official: admin.library@bubt.edu.bd
Personal: hakim.shah@bubt.edu.bd


BUBT Library

Copyright © 2021